Potrai dire che mi conoscevi /
Salvato in:
| Autore principale: | |
|---|---|
| Altri autori: | |
| Natura: | Libro |
| Lingua: | italiano |
| Pubblicazione: |
Milano :
Baldini Castoldi Dalai,
c2008
|
| Serie: | Romanzi e racconti ;
432 |
| Tags: |
Nessun Tag, puoi essere il primo ad aggiungerne!!
|
MARC
| LEADER | 00000nam a22000007i 4500 | ||
|---|---|---|---|
| 001 | IT\ICCU\UBO\3360480 | ||
| 003 | ItRI | ||
| 005 | 20251012221509.0 | ||
| 008 | 080125s2008 it |||||| ||||| |||||c | ||
| 020 | |a 9788860730268 | ||
| 040 | |b ita |c ct | ||
| 041 | 7 | |a ita |2 ISO-639-2 | |
| 082 | |a 813.6 |2 21 | ||
| 100 | 1 | |a Soehnlein, Karl M. |0 IT\ICCU\RAVV\380183 |4 aut | |
| 240 | 1 | 0 | |a You can say you knew me when |9 Soehnlein, Karl M. |
| 245 | 1 | 0 | |a Potrai dire che mi conoscevi / |c K.M. Soehnlein ; traduzione di Matteo Colombo. |
| 260 | |a Milano : |b Baldini Castoldi Dalai, |c c2008 | ||
| 300 | |a 554 p. ; |c 22 cm. | ||
| 700 | 1 | |a Colombo, Matteo, |d (1977- ) |0 IT\ICCU\CFIV\157477 | |
| 830 | 0 | |a Romanzi e racconti ; |v 432 |0 IT\ICCU\RAV\0187056 | |
| 942 | |2 ddc |c BK | ||
| 952 | |0 0 |1 0 |2 ddc |4 0 |6 B_LNR02SOEKAPOT11 |7 0 |9 7305 |a MI |b MI |d 2010-02-10 |i 5812 |l 0 |o B-LNR02-SOEKA-POT11 |p CDOM5812 |r 2025-07-13 16:28:00 |w 2025-07-13 |x ACQUISTO |y BK | ||
| 981 | 1 | |6 z01 |a i |b xxxe | |
| 982 | 1 | |6 z01 |a n | |
| 999 | |c 6011 |d 6011 | ||